00602nam a2200181Ia 4500003000900000008004100009020001800050040001600068080001800084111006300102245008800165260003800253300002300291650004100314650001400355650002300369700002800392IN-BaIIA211028s9999 xx 000 0 eng d a90-70289-04-0 cIIA Library a524.7-33bGAL aWorkshop on Galactive EvolutioncBrusselsd1979 Oct. 23-24 0aGalactic Evolutioncedited by C. W. H. De Loore  aBrusselbVrije Universiteitc1981 a[various pagings.] aAstronomy and Astrophysics thesaurus aCosmology aGalactic Evolution aDe Loore, C. W. H., ed.